00498 a2200181 4500003000500000005001700005040000900022082001200031100001900043245003400062260003300096300001000129538002900139650001400168942001200182999001900194952010300213Nust20170207153532.0 cNust a891.439 aAmjid, Rasheed aPakistani AdabcRasheed Amjad aRawalpindibSir Syed College a792:p aAlmirah No.64 Shelf No.6 aUrdu Adab 2ddccBK c188045d188045 00102ddc40708NFICaMCSbMCSd2016-12-12l0o891.439 RASpMCS33969r2016-12-08w2016-12-12yBK